| 000 | 00341nam a2200133Ia 4500 | ||
|---|---|---|---|
| 008 | 230917s9999||||xx |||||||||||||| ||und|| | ||
| 040 |
_e27332 _aMAIN |
||
| 041 | _aEnglish | ||
| 082 | _a544.92 L645H | ||
| 100 | _aLindsay, Sandy, ed | ||
| 245 | 0 | _aHigh performance liquid chromotography: Analytical chemistry | |
| 260 | _c1991 | ||
| 942 | _cBK | ||
| 999 |
_c90993 _d90993 |
||